Patterns of office space demand cycles

Bibliographic Details
Main Author: Shilton, Leon
Format: Book
Published: [Bloomington, IN] : Real Estate Research Institute , 1995
Subjects:

MARC

LEADER 00000cam a2200000 7i4500
001 0000006871
005 20030121.0
040 |a INS 
090 0 0 |a HF5547   |b S5562 1995 
100 1 |a Shilton, Leon 
245 1 0 |a Patterns of office space demand cycles   |c Leon Shilton 
260 |a [Bloomington, IN] :   |b Real Estate Research Institute ,   |c 1995 
300 |a 32 p. ;   |c 27cm. 
650 0 0 |a Offices   |z United States 
999 |a 0000007531   |b BOOK   |c Open Shelf   |e Default branch